000 01220nam a22003617a 4500
003 CHAP
005 20220817044431.0
008 110404s2010 it a rn 00010 fre d
010 _a100840
011 _a101812
020 _a9789252063919
035 _a112500
040 _cCHAP
082 0 4 _a636.08
_bF21fDir. v.3
110 2 _aFAO
245 1 0 _aStratégies d<U+00B4>amélioration génétique pour la gestion durable des ressources zoogénétiques
_c/por FAO
260 _aRome :
_bFAO,
_c2010
300 _av, 70 p.
490 0 _aFAO. Producción y sanidad animal. Directrices
_v; 3
590 _aBATCH-UPD
_b10
_c20130110
_lUCH01
_h1113
590 _aBATCH-UPD
_b10
_c20130410
_lUCH01
_h0704
590 _aBATCH-UPD
_b10
_c20130914
_lUCH01
_h1200
590 _aCONVERSION
_b10
_c20130109
_lUCH01
_h1356
650 1 4 _aAnimales domesticos
_xMejoramiento.
_95909
650 1 4 _aDesarrollo sustentable.
650 1 4 _aGenética animal.
650 1 4 _aRazas.
_994877
650 1 4 _aRecursos genéticos.
_995078
830 0 _aFAO. Producción y sanidad animal. Directrices
_v; 3
_939658
901 _aBK
942 _cLIBRO
949 _a636.08 F21fDir. v.3
_bBC
_cFAO
_d33724002238959
_eFAO1
_gDonaciØn
_h114571
_i112500
_st
999 _c100840
_d100840